000 00818nam a2200241Ia 4500
999 _c41196
_d41196
001 7848
003 GE_BSU
005 20221116110637.0
008 181216s2008ge xx |||||||||||||| ||ger||
020 _a9783190016266 x
040 _cGE_BSU
041 _ager
080 _a811.112.2 A-92
100 _aAufderstrabe,Hartmut
_914835
245 _aLagune.Kursbuch Deutsch als Fremdsprache 3 :
_bKursbuch Deutsch als Fremdsprache /
_cHartmut, Aufderstrabe.
264 _aGermany :
_bHueber-Verlag,
_c2008
300 _a224p.:
_b28cm.
_cIll. +CD
653 _aKursbuch Deutsch als Fremdsprache
653 _aLagune
653 _a წიგნი გერმანულისთვის, როგორც უცხო ენისთვის
653 _aგერმანული ენა
942 _cBK
_2udc